Internet-Sinh viên-lối sống. Nghiên cứu xã hội học về phương tiện truyền thông kiểu mới /

Salvato in:
Dettagli Bibliografici
Autore principale: Nguyễn Quý Thanh
Altri autori: bien tap: Hong Nga
Natura: Tesi Libro
Lingua:Vietnamese
Pubblicazione: -H : ĐHQGHN, 2011.
Soggetti:
Tags: Aggiungi Tag
Nessun Tag, puoi essere il primo ad aggiungerne! !
Thư viện lưu trữ: Mạng thư viện Đại học Đà Nẵng
LEADER 01518cam a22003491a 4500
001 000033213
003 9360
005 20240830133832.0
008 151016s2011 vm 000 vie
040 |a LNN 
041 |a vie 
082 |a 302.23088  |b NG-T 
100 |a Nguyễn Quý Thanh 
245 0 |a Internet-Sinh viên-lối sống. Nghiên cứu xã hội học về phương tiện truyền thông kiểu mới /  |c Nguyễn Quý Thanh. 
260 |a -H :  |b ĐHQGHN,  |c 2011. 
300 |a 20cm :  |b 248tr;. 
502 |a Đai hoc quoc gia Ha Noi  |b Trương Đao hoc KHXH & NV 
520 |b Cac van đe dịch vụ xa hoi:  |c Internet-sinh vien-loi song  |x Internet phương tien truyen thong kieu moi nhung tiep can cua SV  |y Tac đong cua Internet voi cac hoat đong giai tri cua SV  |z Loi song cua SV,dinh hương gia tri cơ ban 
650 |a Xa hoi hoc 
653 |a Internet,sinhviên, công nghệ thông tin, computer, information,Nguyễn Quý ThanhInternet Sinh viên-lối sống,2011 
700 |a bien tap:  |b Hong Nga 
OWN |a LNN 
AVA |a UDN50  |b LNN  |d 302.23088 NG-T  |e available  |t Error 5001 Not defined in file expand_doc_bib_avail.  |f 4  |g 0  |h N  |i 0 
999 |a From the UDN01 
AVA |a UDN50  |b LNN  |d 302.23088 NG-T  |e available  |t Error 5001 Not defined in file expand_doc_bib_avail.  |f 4  |g 0  |h N  |i 0 
TYP |a Dissertation 
TYP |a Monograph 
TYP |a Printed language 
980 |a Mạng thư viện Đại học Đà Nẵng